|
|
|
|
| LEADER |
00000nab a2200000ua 4500 |
| 001 |
vtls010834139 |
| 003 |
SK-MaSNL |
| 005 |
20260304030213.0 |
| 008 |
250310s xo |||||||||||||||||slo| |
| 035 |
|
|
|a (urnnbn)urn:nbn:sk:snk:ar-a06no2
|
| 035 |
|
|
|a urn:nbn:sk:snk-ab5yef
|
| 035 |
|
|
|a (uuid)e2a4e3c3-5611-48e3-8710-6ed2d8506a82
|
| 040 |
|
|
|a SNKBUCL
|b slo
|c SNKBUCL
|e AACR2
|
| 041 |
0 |
|
|a slo
|
| 044 |
|
|
|a xo
|c SK
|
| 100 |
1 |
|
|a Baroňáková, A.
|4 aut
|9 1308351
|
| 245 |
1 |
0 |
|a Syfilis z pohľadu ošetrujúceho lekára
|c A. Baroňáková
|
| 773 |
0 |
|
|t Revue medicíny v praxi : odborný zdravotnícky časopis
|g Roč. 3, č. 6 (2005-2006), s. 9-10
|
| 958 |
|
|
|a OND
|
| 958 |
|
|
|a EUIPO
|
| 958 |
|
|
|a article5
|
| 999 |
|
|
|c 2632471
|d 2634401
|